Plan d'études et programmes de l'enseignement secondaire moderne dans les lycées et collèges suivis des programmes des classes de mathématiques élémentaires et speciales

Detalles Bibliográficos
Formato: Libro
Lenguaje:French
Publicado: Paris : imprimerie et libraire classiques maison Jules Delalain et fils ; Delalain frères, successeurs 56, rue des écoles, 1897.
Materias:
Colección:Banco de datos
Acervo:Universidad Autónoma Benito Juárez de Oaxaca. Biblioteca Francisco de Burgoa. Colección histórica
Descripción Física:XXXII, 168 p. ; 18 cm.
Tema general:Pedagogía
Notas:Portada tipográfica con monograma del editor. Texto a renglón seguido con paginación en números arábigos y romanos, notas a pie de página, cornisas y signaturas. Propiedad intelectual: Paris.- Imp. Delalain frères, rue de la Sorbonne, 1 et 3. Encuadernación en papel. Rúbrica de A. Valdivieso. Daños en la encuadernación, cuadernillos desprendidos
LEADER 01321nam a22001810004500
035 |a 5212 
041 0 |a fre 
245 1 0 |a Plan d'études et programmes de l'enseignement secondaire moderne dans les lycées et collèges suivis des programmes des classes de mathématiques élémentaires et speciales 
260 |a Paris : imprimerie et libraire classiques maison Jules Delalain et fils ; Delalain frères, successeurs 56, rue des écoles, 1897. 
300 |a XXXII, 168 p. ; 18 cm.  
500 |a Portada tipográfica con monograma del editor. Texto a renglón seguido con paginación en números arábigos y romanos, notas a pie de página, cornisas y signaturas. Propiedad intelectual: Paris.- Imp. Delalain frères, rue de la Sorbonne, 1 et 3. Encuadernación en papel. Rúbrica de A. Valdivieso. Daños en la encuadernación, cuadernillos desprendidos 
504 |a Al principio de la obra está el catálogo de publicaciones en venta de la casa impresora 
504 |a Al final de la obra está el índice de contenido 
650 1 0 |a Pedagogía 
852 |a Universidad Autónoma "Benito Juárez" de Oaxaca, Biblioteca Francisco de Burgoa, Colección histórica 24295 
942 |c BURHIS 
943 |g Universidad Autónoma Benito Juárez de Oaxaca. Biblioteca Francisco de Burgoa. Colección histórica 
999 |c 1124055  |d 1124055